[Event "Preinscritos IRT Online"]
[Site "Chess.com INT"]
[Date "2020.12.26"]
[Round "4"]
[White "Ocampo Pacheco, Brangel Bolivar"]
[Black "Krishan Rani, Tanish Aditya"]
[Result "1-0"]
[WhiteElo "1583"]
[BlackElo "1159"]
[PlyCount "101"]
[EventDate "2020.12.26"]
[EventType "swiss"]
[EventRounds "11"]
[EventCountry "ECU"]
[SourceTitle "CBM 200 Extra"]
[Source "ChessBase"]
[SourceDate "2021.03.31"]
[SourceVersion "1"]
[SourceVersionDate "2021.03.31"]
[SourceQuality "1"]

1. e4 e5 2. Nf3 Nc6 3. Bc4 Nf6 4. Ng5 d5 5. exd5 Na5 6. Bb5+ c6 7. dxc6 bxc6 8. Ba4 h6 9. Nf3 e4 10. Ng1 Bc5 11. c3 Bb6 12. b4 Nb7 13. Bxc6+ Bd7 14. Bxd7+ Qxd7 15. Qe2 0-0 16. Na3 Rfe8 17. Nc2 Qd3 18. Qxd3 exd3+ 19. Ne3 Ng4 20. Nf3 Nxe3 21. fxe3 Re7 22. Kf2 Rae8 23. a4 a6 24. Bb2 Ba7 25. b5 a5 26. c4 Nd6 27. Ba3 Ne4+ 28. Kf1 Re6 29. c5 Nxc5 30. Bxc5 Bxc5 31. Kf2 f6 32. Rac1 Bb6 33. Rc3 Rd8 34. Rhc1 Kh7 35. Rc6 Rxc6 36. Rxc6 Rb8 37. Nd4 Bd8 38. Ne6 Be7 39. Rc7 Bb4 40. Rxg7+ Kh8 41. Rg6 Be7 42. Rxh6+ Kg8 43. Nf4 Kg7 44. Rh3 Kf7 45. g4 Kg7 46. Ne6+ Kf7 47. Nd4 Kg7 48. Nf5+ Kf7 49. Rh7+ Kg6 50. Rxe7 Kg5 51. Rg7# 1-0

[Event "Preinscritos IRT Online"]
[Site "Chess.com INT"]
[Date "2020.12.26"]
[Round "8"]
[White "Ocampo Pacheco, Brangel Bolivar"]
[Black "Ricaurte Lopez, Juan Carlos"]
[Result "0-1"]
[WhiteElo "1583"]
[BlackElo "1910"]
[PlyCount "54"]
[EventDate "2020.12.26"]
[EventType "swiss"]
[EventRounds "11"]
[EventCountry "ECU"]
[SourceTitle "CBM 200 Extra"]
[Source "ChessBase"]
[SourceDate "2021.03.31"]
[SourceVersion "1"]
[SourceVersionDate "2021.03.31"]
[SourceQuality "1"]

1. e4 e5 2. Nf3 Nc6 3. Bc4 Nf6 4. Ng5 d5 5. exd5 Na5 6. Bb5+ c6 7. dxc6 bxc6 8. Be2 h6 9. Nf3 e4 10. Ng1 Bd6 11. d3 0-0 12. Be3 Bf5 13. Nc3 Re8 14. dxe4 Nxe4 15. Nxe4 Bxe4 16. Bf3 Qf6 17. c3 Nc4 18. Bxe4 Nxe3 19. Qd3 Nxg2+ 20. Kd2 Nf4 21. Qf3 Rab8 22. Rb1 Qe6 23. Bxc6 Qxa2 24. Bxe8 Qxb1 25. Qxf4 Bxf4+ 26. Ke2 Rxe8+ 27. Kf3 Qe4+ 0-1

[Event "Preinscritos IRT Online"]
[Site "Chess.com INT"]
[Date "2020.12.26"]
[Round "11"]
[White "Ramos Reategui, Richard Andres"]
[Black "Ocampo Pacheco, Brangel Bolivar"]
[Result "1-0"]
[WhiteElo "1344"]
[BlackElo "1583"]
[PlyCount "89"]
[EventDate "2020.12.26"]
[EventType "swiss"]
[EventRounds "11"]
[EventCountry "ECU"]
[SourceTitle "CBM 200 Extra"]
[Source "ChessBase"]
[SourceDate "2021.03.31"]
[SourceVersion "1"]
[SourceVersionDate "2021.03.31"]
[SourceQuality "1"]

1. e4 e5 2. Bc4 Nc6 3. Nc3 Bc5 4. d3 d6 5. f4 Nf6 6. f5 Bd7 7. Nf3 Qe7 8. Bg5 0-0-0 9. Nd5 Qe8 10. Nxf6 gxf6 11. Bxf6 Ne7 12. Bxh8 Qxh8 13. Bxf7 Rf8 14. Bb3 Qg7 15. g3 Qg4 16. Nd2 Qh3 17. Qf3 Nxf5 18. Rf1 Qxh2 19. g4 Qh4+ 20. Kd1 Ne3+ 21. Qxe3 Bxg4+ 22. Nf3 Bxf3+ 23. Rxf3 Bxe3 24. Be6+ Kd8 25. Rxf8+ Ke7 26. Rf3 Qh1+ 27. Ke2 Qxa1 28. Kxe3 Qxb2 29. Bb3 Qc1+ 30. Ke2 h5 31. Rf7+ Kd8 32. Be6 Qg5 33. Rd7+ Ke8 34. Rxc7 Qg2+ 35. Kd1 h4 36. Bd7+ Kf8 37. Rxb7 h3 38. Rb8+ Ke7 39. Rb7 h2 40. Bh3+ Kf6 41. Bxg2 Kg5 42. Bh1 Kf4 43. Rg7 Ke3 44. Rg2 Kd4 45. Kd2 1-0

[Event "Preinscritos IRT Online"]
[Site "Chess.com INT"]
[Date "2020.12.26"]
[Round "9"]
[White "Yanez Veloso, Santiago Nicolas"]
[Black "Ocampo Pacheco, Brangel Bolivar"]
[Result "1-0"]
[WhiteElo "1704"]
[BlackElo "1583"]
[PlyCount "97"]
[EventDate "2020.12.26"]
[EventType "swiss"]
[EventRounds "11"]
[EventCountry "ECU"]
[SourceTitle "CBM 200 Extra"]
[Source "ChessBase"]
[SourceDate "2021.03.31"]
[SourceVersion "1"]
[SourceVersionDate "2021.03.31"]
[SourceQuality "1"]

1. e4 e5 2. d4 exd4 3. c3 dxc3 4. Bc4 d6 5. Qb3 Qe7 6. Nf3 Nc6 7. 0-0 Na5 8. Qa4+ Nc6 9. Nxc3 Nf6 10. Nd5 Qd8 11. e5 dxe5 12. Bg5 Be7 13. Nxe7 Qxe7 14. Nxe5 0-0 15. Nxc6 bxc6 16. Qxc6 Be6 17. Bxe6 fxe6 18. Rfe1 Kf7 19. Bxf6 gxf6 20. Rad1 Rad8 21. h4 Rd6 22. Rxd6 Qxd6 23. Qf3 Rg8 24. Qh5+ Kf8 25. Qh6+ Kf7 26. Qxh7+ Rg7 27. Qh5+ Rg6 28. Rd1 Qc6 29. g3 e5 30. Qf5 Rg7 31. Rd7+ Kf8 32. Rd8+ Kf7 33. Qd7+ Qxd7 34. Rxd7+ Kf8 35. Rxg7 Kxg7 36. Kg2 Kg6 37. Kf3 f5 38. a4 Kh5 39. b4 a6 40. Ke3 Kg4 41. f3+ Kxg3 42. h5 f4+ 43. Ke4 a5 44. bxa5 c5 45. h6 c4 46. h7 c3 47. h8Q c2 48. Qg7+ Kf2 49. Qc7 1-0